| 000 | 00387nam a2200145Ia 4500 | ||
|---|---|---|---|
| 008 | 210210b1995 xxu||||| |||| 00| 0 eng d | ||
| 082 | _a540 DEST | ||
| 100 | _aDESIKACHAR (S). | ||
| 245 | _aText book of chemistry.I P U C. | ||
| 260 |
_aBangalore _bExcellent Educational Enterprises _c1995 |
||
| 300 | _axxiv,382 | ||
| 650 | _aChemistry I P U C | ||
| 690 | _aChemistry | ||
| 906 | _a050646 | ||
| 999 |
_c99165 _d99165 |
||